Перспективы и проблемы использования смарт-технологий в образовательном процессе; Непрерывное благополучие в мире

Bibliografiske detaljer
Parent link:Непрерывное благополучие в мире.— 2018.— [С. 67-72]
Hovedforfatter: Рыгина М. Е.
Institution som forfatter: Национальный исследовательский Томский политехнический университет Школа базовой инженерной подготовки Отделение социально-гуманитарных наук
Andre forfattere: Чмыхало А. Ю. Александр Юрьевич
Summary:Заглавие с титульного экрана
В рамках данной статьи было рассмотрено современное состояние образовательного процесса с использованием смарт-технологий. Констатируется, что в настоящее время в содержание образовательного процесса активно вводятся элементы смарт-систем. Данная тенденция позволила говорить о наступлении нового этапа во внедрении смарт-технологий в образовании, переходе его в состояние смарт-образования. В статье предпринята попытка оценить уровень готовности российских вузов к данной трансформации (на примере вузов г. Томска - ТГУ и ТПУ). Было проведено интервью среди студентов ТПУ и ТГУ на предмет их осведомленности в отношении использования смарт-систем в образовательном процессе. Результаты опроса показали наличие определенных недостатков в применении смарт-технологий и их элементов в образовательном процессе, что снижает его качество и оказывает отрицательное воздействие на перспективы успешного перехода отечественных вузов к внедрению систем смарт-образования.
Sprog:russisk
Udgivet: 2018
Fag:
Online adgang:http://earchive.tpu.ru/handle/11683/53211
Format: MixedMaterials Electronisk Book Chapter
KOHA link:https://koha.lib.tpu.ru/cgi-bin/koha/opac-detail.pl?biblionumber=629336

MARC

LEADER 00000naa2a2200000 4500
001 629336
005 20231229154520.0
035 |a (RuTPU)RU\TPU\conf\29875 
035 |a RU\TPU\conf\29874 
090 |a 629336 
100 |a 20190429d2018 k y0rusy50 ca 
101 0 |a rus 
102 |a RU 
105 |a y z 101zy 
135 |a drcn ---uucaa 
181 0 |a i  
182 0 |a b 
200 1 |a Перспективы и проблемы использования смарт-технологий в образовательном процессе  |f М. Е. Рыгина, А. Ю. Чмыхало 
203 |a Текст  |c электронный 
300 |a Заглавие с титульного экрана 
320 |a [Библиогр.: с. 71-72 (6 назв.)] 
330 |a В рамках данной статьи было рассмотрено современное состояние образовательного процесса с использованием смарт-технологий. Констатируется, что в настоящее время в содержание образовательного процесса активно вводятся элементы смарт-систем. Данная тенденция позволила говорить о наступлении нового этапа во внедрении смарт-технологий в образовании, переходе его в состояние смарт-образования. В статье предпринята попытка оценить уровень готовности российских вузов к данной трансформации (на примере вузов г. Томска - ТГУ и ТПУ). Было проведено интервью среди студентов ТПУ и ТГУ на предмет их осведомленности в отношении использования смарт-систем в образовательном процессе. Результаты опроса показали наличие определенных недостатков в применении смарт-технологий и их элементов в образовательном процессе, что снижает его качество и оказывает отрицательное воздействие на перспективы успешного перехода отечественных вузов к внедрению систем смарт-образования. 
463 0 |0 (RuTPU)RU\TPU\conf\29867  |t Непрерывное благополучие в мире  |l Lifelong Wellbeing In The World  |o сборник научных трудов V Международного научного симпозиума, г. Томск, 24-28 апреля 2018 г.  |f Национальный исследовательский Томский политехнический университет (ТПУ) ; под ред. Г. А. Барышевой [и др.]  |v [С. 67-72]  |d 2018 
610 1 |a электронный ресурс 
610 1 |a труды учёных ТПУ 
610 1 |a смарт-технологии 
610 1 |a образование 
610 1 |a технологии 
610 1 |a образовательные процессы 
610 1 |a смарт-системы 
700 1 |a Рыгина  |b М. Е. 
701 1 |a Чмыхало  |b А. Ю.  |c философ  |c доцент Томского политехнического университета, кандидат философских наук  |f 1973-  |g Александр Юрьевич  |3 (RuTPU)RU\TPU\pers\25447  |9 11389 
712 0 2 |a Национальный исследовательский Томский политехнический университет  |b Школа базовой инженерной подготовки  |b Отделение социально-гуманитарных наук  |3 (RuTPU)RU\TPU\col\23512 
801 2 |a RU  |b 63413507  |c 20190513  |g RCR 
856 4 |u http://earchive.tpu.ru/handle/11683/53211 
942 |c BK